000 00629nam a2200265Ia 4500
003 IT-RoPAU
008 120407s9999 xx 000 0 und d
040 _aIT-RoPAU
040 _cIT-RoPAU
041 _aita
100 _aMaria De Falco Marotta
100 _ccoll.
245 _aCieli nuovi e terra nuova
250 _aCinisello Balsamo
260 _aEdizioni Paoline
260 _c1988
300 _bill.
300 _c26,5 cm
490 _a Scuola : tyesti e sussidi
490 _v3
600 _a v. 1°: Gesù il Cristo 223 p.
700 _aGiuseppe Cionchi
942 _cBK
999 _c14028
_d14028